The language of jokes : analysing verbal play

Αποθηκεύτηκε σε:
Λεπτομέρειες βιβλιογραφικής εγγραφής
Κύριος συγγραφέας: Chiaro, Delia 1953-
Μορφή: Βιβλίο
Γλώσσα:English
Δημοσίευση: London : Routledge, 1992
Σειρά:Interface (London, England)
Θέματα:
Ετικέτες: Προσθήκη ετικέτας
Δεν υπάρχουν, Καταχωρήστε ετικέτα πρώτοι!

MARC

LEADER 00000nam a2200000 i 4500
001 1/99043
008 950322s1992 eng d
020 |a 0-415-03090-0 
035 |l 10011155 
040 |a GR-MY-UA  |b gre  |e aacr 
041 0 |a eng 
082 0 |a 306.44 
100 1 |a Chiaro, Delia  |d 1953- 
245 1 4 |a The language of jokes :  |b analysing verbal play /  |c Delia Chiaro 
260 |a London :   |b Routledge,   |c 1992 
300 |a 129 p. 
490 1 |a Interface (London, England) 
504 |a Includes bibliographical references and index 
650 0 0 |a Joking. 
650 0 0 |a Play on words. 
650 0 0 |a Pragmatics. 
830 0 |a Interface (London, England) 
852 |a INST  |b LESVOS  |e 19950322  |h 306.44 CHI  |p 005100002150  |q 005100002150  |t BK  |y 4  |x 20200120 
909 |a Λ  |b 039808